Isabel, reina de corazones / (Record no. 93573)

MARC details
000 -LEADER
campo de control de longitud fija 00528nam a2200193 i 4500
001 - NÚMERO DE CONTROL
campo de control 93573
003 - IDENTIFICADOR DE NÚMERO DE CONTROL
campo de control ES-MaACL
005 - FECHA Y HORA DE LA ÚLTIMA TRANSACCIÓN
campo de control 20230906181249.0
007 - CAMPO FIJO DE DESCRIPCIÓN FÍSICA--INFORMACIÓN GENERAL
campo de control de longitud fija t|
008 - DATOS DE LONGITUD FIJA--INFORMACIÓN GENERAL
campo de control de longitud fija 050414s1985 sp ||||1| spa d
100 1# - ENTRADA PRINCIPAL--NOMBRE DE PERSONA
Nombre de persona López Aranda, Ricardo.
9 (RLIN) 73408
245 10 - MENCIÓN DEL TÍTULO
Título Isabel, reina de corazones /
Mención de responsabilidad, etc. Ricardo López Aranda.
260 ## - PUBLICACIÓN, DISTRIBUCIÓN, ETC.
Lugar de publicación, distribución, etc. Madrid :
Nombre del editor, distribuidor, etc. Preyson,
Fecha de publicación, distribución, etc. 1985.
300 ## - DESCRIPCIÓN FÍSICA
Extensión 70 p. ;
Dimensiones 16 cm.
490 1# - MENCIÓN DE SERIE
Mención de serie Arte escénico ;
Designación de volumen o secuencia 48
830 1# - PUNTO DE ACCESO ADICIONAL DE SERIE-TÍTULO UNIFORME
Título uniforme Arte escénico ;
Designación de volumen o secuencia 48
9 (RLIN) 180796
852 ## - LOCALIZACIÓN
Ubicación ES-MaACL
Número de control de estantería L-7395
Holdings
Estatus retirado Estado de pérdida Estado de daño No para préstamo Biblioteca de origen Biblioteca actual Ubicación en estantería Fecha de adquisición Fuente de adquisición Total de préstamos Signatura topográfica completa Código de barras Visto por última vez Precio de reemplazo Tipo de ítem Koha
        Biblioteca del Ateneo de Madrid Biblioteca del Ateneo de Madrid Depósito 2 17/01/2008     L-7395 1097716 23/02/2023 23/02/2023 Libro impreso